000 01523nam0a2200349 4500
001 RU\NLR\BIBL_A\011610778
005 20260607063831.0
010 _a9785928728199
_95000
021 _aRU
_b2017-51645
_97259
035 _a(RuMoRGB)009501947
035 _a(NLR Aleph) 011610778
090 _a10934598
_c10934598
100 _a20180130d2017 u y0rusy50 ca
101 1 _arus
_cfre
102 _aRU
105 _aa|||zzzz000ay
200 1 _aКозетта
_e[отрывок из романа "Отверженные"
_eдля младшего школьного возраста]
_fВ. Гюго
_g[перевод с французского и обработка для детей Надежды Шер]
_gхудожник: Анатолий Иткин
210 _aМосква
_cЛабиринт Пресс
_d2017
215 _a62, [1] с.
_cцв. ил.
_d27
333 _a0+
500 _aОтверженные
_92631678
_3RU\NLR\AUTH\559676
686 _aШ9(2)70(4Фр)
_2rubbk
686 0 _aШ9(4Фр)60-4
700 1 _8rus
_7ca
_aГюго
_bВ.
_f1802-1885
_gВиктор
_3RU\NLR\AUTH\7721605
_94666
702 1 _4040
_7ca
_8rus
_aИткин
_bА. З.
_cхудожник, писатель
_f1931-
_gАнатолий Зиновьевич
_985979
_3RU\NLR\AUTH\77103053
702 1 _aШер
_bН.
_gНадежда
_4570
702 1 _4570
_8rus
_7ca
_aГюго
_bВ.
_f1802-1885
_gВиктор
_3RU\NLR\AUTH\7721605
_94666
942 _cBOOK
980 _aNBR